000 00546nam a2200181Ia 4500
003 GCL
008 140319s9999 xx 000 0 ara d
040 _aGCL /
_cGCL
082 0 4 _a813.03
_bي ص
100 1 _aيوسف ابو رية
245 1 0 _aصمت الطواحين :
_bرواية /
_cيوسف ابو رية
250 _aالاولى
260 _aالقاهرة :
_bدار العين للنشر ،
_c2007
300 _a173 ص ؛
_c19 سم
650 0 4 _aالادب العربى
650 0 4 _aالقصص العربية
942 _2ddc
_cBK
999 _c9766
_d9766